Most streamed songs : Nirvana - Statistics

General Stats
  • This quiz has been taken 50 times
    38 since last reset
  • The average score is 15 of 20
Answer Stats
Rank Number of streams Song Album % Correct
1. 2 513 578 867 Smells Like Teen Spirit Nevermind
100%
2. 1 708 244 496 Come As You Are Nevermind
94%
19. 133 193 325 Come As You Are - Live MTV Unplugged In New York
94%
3. 952 194 844 Heart-Shaped Box In Utero
91%
8. 427 805 893 In Bloom Nevermind
88%
5. 582 951 604 About A Girl Bleach
85%
20. 126 355 368 About A Girl - Live MTV Unplugged In New York
85%
4. 750 369 736 Lithium Nevermind
85%
7. 565 156 196 The Man Who Sold The World - Live MTV Unplugged In New York
82%
6. 566 717 825 Something In The Way Nevermind
76%
18. 149 368 035 Polly Nevermind
70%
11. 324 385 799 All Apologies In Utero
67%
15. 198 422 376 Drain You Nevermind
67%
17. 161 011 813 Love Buzz Bleach
67%
10. 340 380 967 Rape Me In Utero
67%
12. 240 172 154 Where Did You Sleep Last Night - Live MTV Unplugged In New York
67%
13. 211 591 006 Breed Nevermind
64%
9. 385 516 096 Dumb In Utero
64%
16. 173 681 781 You Know You're Right Nirvana (Compliation)
45%
14. 202 567 173 Lake Of Fire - Live MTV Unplugged In New York
30%
No matching quizzes found
Score Distribution
Percent of People with Each Score
Percentile by Number Answered
Your Score History
You have not taken this quiz since the last reset